[Event "Warsaw Najdorf Memorial op-A"]
[Site "Warsaw"]
[Date "2022.07.11"]
[Round "3"]
[White "Lee, Hyuk1111"]
[Black "Adamski, Jan"]
[Result "1-0"]
[WhiteElo "1880"]
[BlackElo "2136"]
[PlyCount "108"]
[EventDate "2022.07.09"]
[EventType "swiss"]
[EventRounds "9"]
[EventCountry "POL"]
[SourceTitle "CBM 209 Extra"]
[Source "ChessBase"]
[SourceDate "2022.09.30"]
[SourceVersion "1"]
[SourceVersionDate "2022.09.30"]
[SourceQuality "1"]

1. e4 c5 2. Nc3 e6 3. Nf3 a6 4. g3 d6 5. Bg2 Nc6 6. 0-0 Be7 7. d4 cxd4 8. Nxd4 Qc7 9. Re1 Bd7 10. a4 Nf6 11. Nxc6 Bxc6 12. a5 b5 13. axb6 Qxb6 14. Ra2 0-0 15. Nd5 exd5 16. exd5 Nxd5 17. Bxd5 Bf6 18. Be3 Qb7 19. Bxc6 Qxc6 20. c3 Rfe8 21. Re2 a5 22. Rd2 Be5 23. Qa4 Qf3 24. Qc4 h5 25. Qd5 Qg4 26. Kg2 Qg6 27. Ra4 Qb1 28. Bf4 Rab8 29. Bxe5 dxe5 30. Rxa5 Rxb2 31. Rxb2 Qxb2 32. Ra7 Re6 33. Qd8+ Kh7 34. Rxf7 Qxc3 35. Qg5 Qc6+ 36. Kg1 Rg6 37. Qxh5+ Kg8 38. Re7 Qc1+ 39. Kg2 Qc6+ 40. Qf3 Qxf3+ 41. Kxf3 Rf6+ 42. Ke3 Rf5 43. f3 Kf8 44. Ra7 Rh5 45. h4 g5 46. hxg5 Rxg5 47. g4 Rg6 48. Ke4 Rf6 49. Ra5 Rf4+ 50. Ke3 Rb4 51. Rxe5 Kf7 52. Ra5 Kf6 53. Kf2 Kg6 54. Kg3 Rc4 1-0

[Event "Warsaw Najdorf Memorial op-A"]
[Site "Warsaw"]
[Date "2022.07.10"]
[Round "2"]
[White "Adamski, Jan"]
[Black "Lasota, Adam"]
[Result "1/2-1/2"]
[WhiteElo "2136"]
[BlackElo "1892"]
[PlyCount "79"]
[EventDate "2022.07.09"]
[EventType "swiss"]
[EventRounds "9"]
[EventCountry "POL"]
[SourceTitle "CBM 209 Extra"]
[Source "ChessBase"]
[SourceDate "2022.09.30"]
[SourceVersion "1"]
[SourceVersionDate "2022.09.30"]
[SourceQuality "1"]

1. Nf3 b6 2. g3 Bb7 3. Bg2 e6 4. c4 Nf6 5. d4 Be7 6. Nc3 0-0 7. Qc2 Bb4 8. Bg5 Bxc3+ 9. Qxc3 Be4 10. 0-0 h6 11. Bxf6 Qxf6 12. Rac1 Nc6 13. Rfd1 Rad8 14. d5 Qxc3 15. Rxc3 Bxf3 16. Bxf3 Ne5 17. Bg2 d6 18. b4 g5 19. Rdc1 Nd7 20. Ra3 a5 21. bxa5 e5 22. axb6 cxb6 23. Ra7 f5 24. Rb1 e4 25. g4 fxg4 26. Bxe4 Rf7 27. a4 Rf4 28. Bd3 Rf7 29. Bg6 Rf4 30. a5 bxa5 31. Rbb7 Ne5 32. Bd3 Rf7 33. Rxf7 Nxf7 34. Rxa5 Kg7 35. c5 dxc5 36. Rxc5 Ne5 37. Be4 Kf6 38. Rb5 Nf7 39. Rb6+ Nd6 40. Bd3 1/2-1/2

[Event "Warsaw Maciei Memorial"]
[Site "Warsaw"]
[Date "2022.07.08"]
[Round "10"]
[White "Adamski, Jan"]
[Black "Kaminski, Maciej1111"]
[Result "1/2-1/2"]
[WhiteElo "2136"]
[BlackElo "1918"]
[PlyCount "71"]
[EventDate "2022.07.08"]
[EventType "swiss (blitz)"]
[EventRounds "11"]
[EventCountry "POL"]
[SourceTitle "CBM 209 Extra"]
[Source "ChessBase"]
[SourceDate "2022.09.30"]
[SourceVersion "1"]
[SourceVersionDate "2022.09.30"]
[SourceQuality "1"]

1. Nf3 g6 2. c4 Bg7 3. d4 d6 4. Nc3 Nf6 5. Bg5 0-0 6. e3 Nbd7 7. Qc2 c5 8. Rd1 cxd4 9. Nxd4 a6 10. Be2 Qc7 11. 0-0 b6 12. Bf3 Bb7 13. Bxb7 Qxb7 14. Rc1 Rfc8 15. Qe2 Nc5 16. Bxf6 Bxf6 17. Rfd1 Rab8 18. Nd5 Bg7 19. b3 b5 20. cxb5 axb5 21. Nb4 Ne6 22. Nxe6 fxe6 23. Qf3 Qxf3 24. gxf3 Bb2 25. Rxc8+ Rxc8 26. Rd2 Rc1+ 27. Kg2 Bc3 28. Rc2 Rxc2 29. Nxc2 Kf8 30. Kf1 Ke8 31. Ke2 Kd7 32. Kd3 Ba5 33. a4 bxa4 34. bxa4 e5 35. Ke4 Kc6 36. Kd3 1/2-1/2

[Event "Warsaw Maciei Memorial"]
[Site "Warsaw"]
[Date "2021.07.09"]
[Round "4"]
[White "Adamski, Jan"]
[Black "Kjartansson, Gudmundur"]
[Result "0-1"]
[WhiteElo "2145"]
[BlackElo "2496"]
[PlyCount "74"]
[EventDate "2021.07.09"]
[EventType "swiss (blitz)"]
[EventRounds "11"]
[EventCountry "POL"]
[SourceTitle "CBM 203 Extra"]
[Source "ChessBase"]
[SourceDate "2021.09.30"]
[SourceVersion "1"]
[SourceVersionDate "2021.09.30"]
[SourceQuality "1"]

1. Nf3 d5 2. c4 e6 3. g3 Nf6 4. Bg2 Be7 5. d4 0-0 6. Qc2 Nbd7 7. 0-0 c6 8. b3 b6 9. Rd1 Bb7 10. Nc3 Rc8 11. e4 dxe4 12. Ng5 Qc7 13. Bf4 Bd6 14. Bxd6 Qxd6 15. Ncxe4 Qe7 16. c5 Nxe4 17. Nxe4 bxc5 18. dxc5 Nf6 19. Nd6 Rcd8 20. Rd2 Nd5 21. Re1 Qc7 22. a3 a5 23. b4 axb4 24. axb4 Ba6 25. Qa4 Ra8 26. Ra1 Rfb8 27. Bxd5 exd5 28. Rda2 Bb7 29. Qc2 Rxa2 30. Qxa2 Bc8 31. Qa7 Qxa7 32. Rxa7 Be6 33. Ra4 h6 34. Kf1 d4 35. Ke2 Bb3 36. Ra7 Rxb4 37. Rxf7 Bxf7 0-1

[Event "Warsaw Maciei Memorial"]
[Site "Warsaw"]
[Date "2021.07.09"]
[Round "8"]
[White "Adamski, Jan"]
[Black "Kozlowski, Michal"]
[Result "0-1"]
[WhiteElo "2145"]
[BlackElo "2043"]
[PlyCount "94"]
[EventDate "2021.07.09"]
[EventType "swiss (blitz)"]
[EventRounds "11"]
[EventCountry "POL"]
[SourceTitle "CBM 203 Extra"]
[Source "ChessBase"]
[SourceDate "2021.09.30"]
[SourceVersion "1"]
[SourceVersionDate "2021.09.30"]
[SourceQuality "1"]

1. Nf3 Nf6 2. c4 c5 3. d4 cxd4 4. Nxd4 Nc6 5. Nc3 e6 6. Ndb5 d6 7. Bf4 e5 8. Bg5 a6 9. Na3 Be7 10. e3 0-0 11. Be2 Be6 12. Qd2 Rc8 13. 0-0 Qc7 14. Rac1 Qb8 15. Rfd1 Rfd8 16. Nd5 Nxd5 17. cxd5 Bxg5 18. dxe6 fxe6 19. Bg4 Kf7 20. f4 exf4 21. Bxe6+ Kxe6 22. Qd5+ Kf6 23. exf4 Bxf4 24. Rf1 g5 25. g3 Qa7+ 26. Kg2 Qd4 27. Qxd4+ Nxd4 28. gxf4 Rxc1 29. Rxc1 gxf4 30. Rd1 Ne6 31. Kf3 d5 32. Nc2 Rc8 33. Nd4 Nxd4+ 34. Rxd4 Ke5 35. Rxf4 Rc2 36. Rf7 Rxb2 37. a4 h6 38. Rh7 Rb4 39. a5 Rb5 40. Rxh6 Rxa5 41. Rb6 Rb5 42. Rxb5 axb5 43. h4 b4 44. Ke2 Kf5 45. Kd3 Kg4 46. Kc2 d4 47. Kb3 d3 0-1

[Event "Warsaw Przepiorka Memorial"]
[Site "Warsaw"]
[Date "2019.12.29"]
[Round "6"]
[White "Adamski, Jan"]
[Black "Kowalski, Igor"]
[Result "1-0"]
[WhiteElo "2170"]
[BlackElo "2354"]
[PlyCount "117"]
[EventDate "2019.12.27"]
[EventType "swiss"]
[EventRounds "9"]
[EventCountry "POL"]
[SourceTitle "CBM 194 Extra"]
[Source "ChessBase"]
[SourceDate "2020.03.31"]
[SourceVersion "1"]
[SourceVersionDate "2020.03.31"]
[SourceQuality "1"]

1. Nf3 Nf6 2. c4 g6 3. Nc3 Bg7 4. d4 0-0 5. Bg5 d6 6. e3 Nbd7 7. Qc2 Re8 8. Rd1 c6 9. Be2 Qc7 10. 0-0 e5 11. Bh4 h6 12. a3 Nh7 13. dxe5 dxe5 14. Ne4 Nb6 15. Nd6 Rf8 16. c5 Nd5 17. Bc4 Be6 18. Bg3 Qe7 19. Bxe5 Ng5 20. Nxg5 hxg5 21. Bxg7 Kxg7 22. f4 gxf4 23. exf4 Rh8 24. f5 gxf5 25. Bxd5 cxd5 26. Nxf5+ Bxf5 27. Rxf5 Qe3+ 28. Qf2 Qxf2+ 29. Kxf2 Rac8 30. Rdxd5 Rc7 31. Rg5+ Kf6 32. h3 Rh4 33. Rgf5+ Kg6 34. Rg5+ Kf6 35. Rg4 Rxg4 36. hxg4 Ke6 37. Rf5 Rd7 38. b4 a5 39. c6 bxc6 40. Rxa5 Rd3 41. g5 Rb3 42. g3 Rc3 43. Kg2 Ke7 44. Kh3 Kf8 45. Rf5 Kg7 46. a4 Rc4 47. Rf4 Rc3 48. Kh4 Kg6 49. b5 cxb5 50. axb5 Rb3 51. Rf6+ Kg7 52. b6 Rb4+ 53. Kh3 Rb5 54. Kg4 Rb4+ 55. Kf3 Rb3+ 56. Ke4 Rb5 57. Rd6 Rxg5 58. Rd5 Rxg3 59. Rb5 1-0

[Event "Oberliga NRW 1920"]
[Site "Germany"]
[Date "2019.12.15"]
[Round "4.5"]
[White "Kaehmann, Joerg"]
[Black "Adamski, Jan"]
[Result "1/2-1/2"]
[WhiteElo "2123"]
[BlackElo "2168"]
[PlyCount "69"]
[EventDate "2019.09.15"]
[EventType "team-tourn"]
[EventRounds "9"]
[EventCountry "GER"]
[SourceTitle "EXT 2022"]
[Source "ChessBase"]
[SourceDate "2021.10.06"]
[SourceVersion "1"]
[SourceVersionDate "2021.10.06"]
[SourceQuality "1"]
[WhiteTeam "Wattenscheid"]
[BlackTeam "Letmathe"]
[WhiteTeamCountry "GER"]
[BlackTeamCountry "GER"]

1. Nf3 Nf6 2. d4 e6 3. g3 b5 4. Bg2 Bb7 5. 0-0 c5 6. a4 b4 7. c3 Na6 8. Nbd2 bxc3 9. bxc3 cxd4 10. cxd4 Nb4 11. Ba3 a5 12. Ne5 Bxg2 13. Kxg2 Qb6 14. Ndc4 Qa6 15. Rc1 Be7 16. e3 0-0 17. Qf3 Rac8 18. Nd2 Nbd5 19. Bxe7 Nxe7 20. Ne4 Nxe4 21. Qxe4 d6 22. Nf3 Nd5 23. Ng5 Nf6 24. Qb1 Qa8+ 25. f3 h6 26. Ne4 Nxe4 27. Qxe4 Qa6 28. d5 exd5 29. Qxd5 Rxc1 30. Rxc1 Qe2+ 31. Kh3 Qxe3 32. Rc6 Qe6+ 33. Qxe6 fxe6 34. Rxd6 Rxf3 35. Rxe6 1/2-1/2

[Event "Oberliga NRW 1920"]
[Site "Germany"]
[Date "2019.11.10"]
[Round "3.7"]
[White "Adamski, Jan"]
[Black "Jansen, Dirk Norbert"]
[Result "1/2-1/2"]
[WhiteElo "2168"]
[BlackElo "2114"]
[PlyCount "43"]
[EventDate "2019.09.15"]
[EventType "team-tourn"]
[EventRounds "9"]
[EventCountry "GER"]
[SourceTitle "CBM 195 Extra"]
[Source "ChessBase"]
[SourceDate "2020.05.31"]
[SourceVersion "1"]
[SourceVersionDate "2020.05.31"]
[SourceQuality "1"]
[WhiteTeam "Letmathe"]
[BlackTeam "Plettenberg"]
[WhiteTeamCountry "GER"]
[BlackTeamCountry "GER"]

1. Nf3 f5 2. c4 Nf6 3. Nc3 d6 4. d3 Nc6 5. e4 e5 6. Be2 Be7 7. 0-0 0-0 8. exf5 Bxf5 9. Be3 Kh8 10. d4 Ng4 11. Bc1 exd4 12. Nxd4 Nxd4 13. Bxg4 Bxg4 14. Qxd4 Qd7 15. Be3 Bf6 16. Qd2 Bxc3 17. Qxc3 Rf6 18. f3 Be6 19. Rae1 Rg6 20. Kh1 Qf7 21. b3 b6 22. Bc1 1/2-1/2

[Event "Oberliga NRW 1920"]
[Site "Germany"]
[Date "2019.09.15"]
[Round "1.5"]
[White "Adamski, Jan"]
[Black "Schmitzer, Klaus"]
[Result "1/2-1/2"]
[WhiteElo "2168"]
[BlackElo "2242"]
[PlyCount "61"]
[EventDate "2019.09.15"]
[EventType "team-tourn"]
[EventRounds "9"]
[EventCountry "GER"]
[SourceTitle "CBM 195 Extra"]
[Source "ChessBase"]
[SourceDate "2020.05.31"]
[SourceVersion "1"]
[SourceVersionDate "2020.05.31"]
[SourceQuality "1"]
[WhiteTeam "Letmathe"]
[BlackTeam "Muenster"]
[WhiteTeamCountry "GER"]
[BlackTeamCountry "GER"]

1. Nf3 Nf6 2. c4 e6 3. g3 b6 4. Bg2 Bb7 5. 0-0 Be7 6. d4 0-0 7. Nc3 Ne4 8. Bd2 f5 9. Qc2 Qe8 10. Rad1 Na6 11. a3 c5 12. dxc5 bxc5 13. Ne1 d5 14. Nxe4 dxe4 15. f3 Qc6 16. fxe4 fxe4 17. Rf4 Rxf4 18. Bxf4 Rd8 19. Rxd8+ Bxd8 20. Nd3 Bf6 21. Nf2 Qb6 22. Bxe4 Bxe4 23. Nxe4 Bxb2 24. Qa4 h6 25. Qe8+ Kh7 26. Ng5+ hxg5 27. Qh5+ Kg8 28. Qe8+ Kh7 29. Qh5+ Kg8 30. Qe8+ Kh7 31. Qh5+ 1/2-1/2

[Event "Warsaw Najdorf Memorial op-A 17th"]
[Site "Warsaw"]
[Date "2019.07.10"]
[Round "5"]
[White "Adamski, Jan"]
[Black "Parol, Pola"]
[Result "1-0"]
[WhiteElo "2183"]
[BlackElo "2064"]
[PlyCount "99"]
[EventDate "2019.07.06"]
[EventType "swiss"]
[EventRounds "9"]
[EventCountry "POL"]
[SourceTitle "CBM 191 Extra"]
[Source "ChessBase"]
[SourceDate "2019.09.30"]
[SourceVersion "1"]
[SourceVersionDate "2019.09.30"]
[SourceQuality "1"]

1. c4 Nf6 2. Nf3 e6 3. g3 d5 4. Bg2 Be7 5. d4 0-0 6. Qc2 c5 7. 0-0 cxd4 8. Nxd4 e5 9. Nf5 d4 10. e3 Bc5 11. exd4 exd4 12. Qd3 Nc6 13. Bxc6 bxc6 14. Nd2 Qd7 15. Nb3 Bb6 16. c5 Qxf5 17. Qxf5 Bxf5 18. cxb6 Rfd8 19. b7 Rab8 20. Na5 Rd5 21. Bf4 Rxa5 22. Bxb8 Nd7 23. Rfe1 Be6 24. Be5 Rb5 25. Bxd4 Rxb7 26. Rac1 Rc7 27. Re3 h6 28. Ra3 c5 29. b4 c4 30. Rxa7 Rc6 31. b5 Rd6 32. Ra8+ Kh7 33. Be3 Ne5 34. b6 Bd5 35. Ra5 Nf3+ 36. Kf1 Nxh2+ 37. Ke1 Be4 38. Ra4 Nf3+ 39. Ke2 Ne5 40. Bf4 Bd3+ 41. Kd2 Bf5+ 42. Kc3 Rd3+ 43. Kb2 f6 44. Bxe5 fxe5 45. b7 Rd2+ 46. Ka1 Rd8 47. Rb4 Rb8 48. Rcxc4 Bh3 49. a4 Bf1 50. Rc7 1-0

[Event "Warsaw Najdorf Memorial op-A 17th"]
[Site "Warsaw"]
[Date "2019.07.09"]
[Round "4"]
[White "Terletsky, Oleg"]
[Black "Adamski, Jan"]
[Result "1-0"]
[WhiteElo "2408"]
[BlackElo "2183"]
[PlyCount "53"]
[EventDate "2019.07.06"]
[EventType "swiss"]
[EventRounds "9"]
[EventCountry "POL"]
[SourceTitle "CBM 191 Extra"]
[Source "ChessBase"]
[SourceDate "2019.09.30"]
[SourceVersion "1"]
[SourceVersionDate "2019.09.30"]
[SourceQuality "1"]

1. e4 c5 2. Nf3 e6 3. d4 cxd4 4. Nxd4 a6 5. Nc3 Qc7 6. Bd3 Nf6 7. 0-0 d6 8. Kh1 Nbd7 9. f4 b5 10. Qe2 Bb7 11. Bd2 Be7 12. b4 0-0 13. a4 bxa4 14. Rxa4 Nb6 15. Ra3 d5 16. e5 Ne4 17. Nxe4 dxe4 18. Bxe4 Bxe4 19. Qxe4 Nc4 20. Rh3 g6 21. Bc3 Rac8 22. f5 Nxe5 23. f6 Qc4 24. Kg1 Bd6 25. Rxh7 Kxh7 26. Qh4+ Kg8 27. Qh6 1-0

[Event "Warsaw Najdorf Memorial op-A 17th"]
[Site "Warsaw"]
[Date "2019.07.06"]
[Round "1"]
[White "Adamski, Jan"]
[Black "Klekowski, Maciej"]
[Result "1/2-1/2"]
[WhiteElo "2183"]
[BlackElo "2482"]
[PlyCount "113"]
[EventDate "2019.07.06"]
[EventType "swiss"]
[EventRounds "9"]
[EventCountry "POL"]
[SourceTitle "CBM 191 Extra"]
[Source "ChessBase"]
[SourceDate "2019.09.30"]
[SourceVersion "1"]
[SourceVersionDate "2019.09.30"]
[SourceQuality "1"]

1. Nf3 f5 2. c4 Nf6 3. Nc3 d6 4. d3 g6 5. e4 e5 6. exf5 gxf5 7. d4 e4 8. Ng5 Bg7 9. Be2 0-0 10. 0-0 Nc6 11. Be3 Ne7 12. Qd2 d5 13. cxd5 Nfxd5 14. Nxd5 Nxd5 15. Bc4 Kh8 16. Bxd5 Qxd5 17. Nh3 Rd8 18. Rfd1 c6 19. Bh6 Bxh6 20. Qxh6 Qe6 21. Qe3 Qf6 22. Nf4 Be6 23. Nxe6 Qxe6 24. f3 Rd5 25. fxe4 fxe4 26. Re1 Re8 27. Rad1 Rd6 28. b3 Qd7 29. Rd2 Qg7 30. Qg3 Qxg3 31. hxg3 c5 32. d5 Re5 33. Rde2 Rdxd5 34. Rxe4 Rxe4 35. Rxe4 Rd7 36. Re5 b6 37. Re6 Kg7 38. g4 Kf7 39. Rh6 Kf8 40. Rc6 Rd2 41. Rc8+ Ke7 42. Rc7+ Rd7 43. Rc6 Kd8 44. g5 Rd2 45. Rh6 Rxa2 46. Rxh7 Ke8 47. Rb7 Ra3 48. g6 Kf8 49. Kh2 Rxb3 50. Rxa7 c4 51. Rc7 b5 52. g3 c3 53. Kh3 Kg8 54. Kg4 Rb4+ 55. Kf3 Rb3 56. Kf4 Rb4+ 57. Kf3 1/2-1/2

[Event "Warsaw Najdorf Memorial op-A 16th"]
[Site "Warsaw"]
[Date "2018.07.10"]
[Round "3"]
[White "Adamski, Jan"]
[Black "Baskin, Robert"]
[Result "1/2-1/2"]
[WhiteElo "2217"]
[BlackElo "2339"]
[PlyCount "73"]
[EventDate "2018.07.08"]
[EventType "swiss"]
[EventRounds "9"]
[EventCountry "POL"]
[SourceTitle "CBM 185 Extra"]
[Source "ChessBase"]
[SourceDate "2018.07.29"]
[SourceVersion "1"]
[SourceVersionDate "2018.07.29"]
[SourceQuality "1"]

1. Nf3 Nf6 2. c4 g6 3. Nc3 d5 4. cxd5 Nxd5 5. Qa4+ Nc6 6. Ne5 Qd6 7. Nxc6 Qxc6 8. Qxc6+ bxc6 9. b3 Bg7 10. Bb2 Nxc3 11. Bxc3 Bxc3 12. dxc3 Be6 13. e3 a5 14. Bd3 0-0 15. Kd2 Rfd8 16. Kc2 c5 17. Rhd1 Rd6 18. c4 a4 19. Kc3 Rb6 20. Rdb1 axb3 21. axb3 Rba6 22. Kb2 Rxa1 23. Rxa1 Rxa1 24. Kxa1 Kg7 25. Kb2 Kf6 26. Kc3 Ke5 27. f4+ Kd6 28. Be4 Bd7 29. g3 e5 30. Bd5 f6 31. h4 h6 32. Be4 exf4 33. exf4 g5 34. b4 cxb4+ 35. Kxb4 c5+ 36. Ka5 gxf4 37. gxf4 1/2-1/2

[Event "NRW Class2 1718"]
[Site "Germany"]
[Date "2017.11.19"]
[Round "3.3"]
[White "Adamski, Jan"]
[Black "Arndt, Stefan"]
[Result "1-0"]
[WhiteElo "2229"]
[BlackElo "2166"]
[PlyCount "133"]
[EventDate "2017.09.17"]
[EventType "team-tourn"]
[EventRounds "9"]
[EventCountry "GER"]
[SourceTitle "EXT 2019"]
[Source "ChessBase"]
[SourceDate "2018.10.10"]
[SourceVersion "1"]
[SourceVersionDate "2018.10.10"]
[SourceQuality "1"]
[WhiteTeam "Letmathe"]
[BlackTeam "Ennepe Ruhr Sued"]
[WhiteTeamCountry "GER"]
[BlackTeamCountry "GER"]

1. c4 e5 2. Nc3 Nf6 3. Nf3 e4 4. Ng5 c6 5. d3 d5 6. cxd5 cxd5 7. dxe4 d4 8. Qb3 Qd7 9. Nd5 Nxd5 10. exd5 Na6 11. Bd2 Be7 12. g3 0-0 13. Bh3 Qd8 14. Bxc8 Bxg5 15. Bxg5 Qxg5 16. Bh3 Rad8 17. Bg2 d3 18. Qxd3 Nb4 19. Qb3 Nxd5 20. 0-0 Nf6 21. Qxb7 a5 22. Qb3 Rd2 23. Bf3 h5 24. Rfd1 Rxd1+ 25. Rxd1 h4 26. Qe3 Qxe3 27. fxe3 hxg3 28. hxg3 Rb8 29. b3 Kf8 30. Rc1 Rb5 31. Kf2 Ke7 32. Rc7+ Ke6 33. Rc6+ Ke7 34. a4 Rf5 35. Rc4 g5 36. Kg2 Re5 37. Kf2 Rf5 38. g4 Re5 39. b4 axb4 40. Rxb4 Ra5 41. Ke1 Nd7 42. Bc6 Ne5 43. Bf3 f6 44. Kd2 Rc5 45. Rb7+ Kd6 46. Rb6+ Ke7 47. Ra6 Rc4 48. Ra5 Kd6 49. Rd5+ Ke7 50. Rd4 Rc5 51. Rb4 Kd6 52. Bb7 Rc4 53. Rxc4 Nxc4+ 54. Kc3 Kc5 55. Bf3 Nxe3 56. a5 Nc4 57. a6 Nd6 58. Kd3 Nb5 59. e3 Na7 60. Ke4 Kd6 61. Kf5 Ke7 62. Bd5 Nc8 63. e4 Nd6+ 64. Kg6 Nc8 65. Bb7 Na7 66. Kf5 Nb5 67. e5 1-0

[Event "Warsaw Najdorf Memorial op-A 15th"]
[Site "Warsaw"]
[Date "2017.07.17"]
[Round "9"]
[White "Adamski, Jan"]
[Black "Sieber, Fiona"]
[Result "1/2-1/2"]
[WhiteElo "2250"]
[BlackElo "2287"]
[PlyCount "56"]
[EventDate "2017.07.09"]
[EventType "swiss"]
[EventRounds "9"]
[EventCountry "POL"]
[SourceTitle "CBM 179 Extra"]
[Source "ChessBase"]
[SourceDate "2017.08.23"]
[SourceVersion "1"]
[SourceVersionDate "2017.08.23"]
[SourceQuality "1"]

1. Nf3 Nf6 2. c4 e6 3. g3 d5 4. Bg2 dxc4 5. Qa4+ c6 6. Qxc4 b5 7. Qb3 Bb7 8. 0-0 Nbd7 9. d4 a6 10. Ne5 Nxe5 11. dxe5 Nd5 12. Nc3 Be7 13. Rd1 Qb8 14. Nxd5 cxd5 15. Bf4 0-0 16. e4 dxe4 17. Qe3 h6 18. Rd7 Bd8 19. Bxe4 Bc8 20. Rxd8 Rxd8 21. Bxh6 gxh6 22. Qxh6 Rd7 23. Bh7+ Kh8 24. Bg6+ Kg8 25. Bh7+ Kh8 26. Be4+ Kg8 27. Bh7+ Kh8 28. Be4+ Kg8 1/2-1/2

[Event "Warsaw Najdorf Memorial op-A 15th"]
[Site "Warsaw"]
[Date "2017.07.14"]
[Round "6"]
[White "Adamski, Jan"]
[Black "Schroeder, Kevin"]
[Result "1-0"]
[WhiteElo "2250"]
[BlackElo "2321"]
[PlyCount "121"]
[EventDate "2017.07.09"]
[EventType "swiss"]
[EventRounds "9"]
[EventCountry "POL"]
[SourceTitle "CBM 179 Extra"]
[Source "ChessBase"]
[SourceDate "2017.08.23"]
[SourceVersion "1"]
[SourceVersionDate "2017.08.23"]
[SourceQuality "1"]

1. Nf3 Nf6 2. c4 e6 3. g3 a6 4. Bg2 b5 5. b3 Bb7 6. Nc3 b4 7. Na4 d6 8. 0-0 Nbd7 9. d4 Be7 10. Bb2 0-0 11. Qd2 a5 12. Rad1 Ra6 13. Ne1 Qa8 14. Bxb7 Qxb7 15. d5 e5 16. f3 Nb6 17. Nxb6 Qxb6+ 18. Kg2 Nd7 19. Nd3 c5 20. e4 a4 21. f4 Qc7 22. Rde1 Re8 23. fxe5 dxe5 24. Rf5 f6 25. Rf2 Nf8 26. Qe2 Qd7 27. Qe3 Ra5 28. Qf3 Bd6 29. Qf5 Qe7 30. h4 Qf7 31. h5 h6 32. Ref1 Qd7 33. Qxd7 Nxd7 34. Re1 Nf8 35. Bc1 Nh7 36. Be3 Ng5 37. Bxg5 hxg5 38. g4 Kf7 39. Kf3 Ke7 40. Rh1 Rh8 41. Rfh2 axb3 42. axb3 Ra3 43. Rb2 g6 44. Nf2 gxh5 45. gxh5 Kf7 46. Kg4 Rha8 47. Kf5 Ra1 48. Rhb1 R8a2 49. Rxa2 Rxa2 50. Ng4 Bf8 51. h6 Rg2 52. Ra1 Rg3 53. Ra7+ Be7 54. Nxe5+ fxe5 55. d6 Rf3+ 56. Kxe5 Rxb3 57. Rxe7+ Kf8 58. h7 Rh3 59. Rb7 b3 60. Rxb3 Rxh7 61. Rb8+ 1-0

[Event "Warsaw Najdorf Memorial op-A 15th"]
[Site "Warsaw"]
[Date "2017.07.11"]
[Round "3"]
[White "Raja, Harshit"]
[Black "Adamski, Jan"]
[Result "1-0"]
[WhiteElo "2377"]
[BlackElo "2250"]
[PlyCount "57"]
[EventDate "2017.07.09"]
[EventType "swiss"]
[EventRounds "9"]
[EventCountry "POL"]
[SourceTitle "CBM 179 Extra"]
[Source "ChessBase"]
[SourceDate "2017.08.23"]
[SourceVersion "1"]
[SourceVersionDate "2017.08.23"]
[SourceQuality "1"]

1. e4 c5 2. Nf3 a6 3. c3 g6 4. d4 cxd4 5. cxd4 d5 6. exd5 Nf6 7. Nc3 Bg7 8. Qb3 0-0 9. Be2 Nbd7 10. Ne5 Nb6 11. Bf3 a5 12. 0-0 a4 13. Qb5 Ne8 14. Bf4 Nd6 15. Qb4 Re8 16. Rac1 Bf8 17. Nb5 e6 18. Nxg6 hxg6 19. Bxd6 Nxd5 20. Bxd5 exd5 21. Bxf8 Rxf8 22. Nc7 Ra7 23. Rfe1 b5 24. Qc5 Rb7 25. Nxd5 Be6 26. Nb4 Rd7 27. Rcd1 Bd5 28. Qxb5 a3 29. bxa3 1-0

[Event "Mazowiec-chT 1617"]
[Site "Warsaw"]
[Date "2017.01.29"]
[Round "7.6"]
[White "Maj, Pawel1111"]
[Black "Adamski, Jan"]
[Result "1/2-1/2"]
[WhiteElo "2109"]
[BlackElo "2250"]
[PlyCount "40"]
[EventDate "2016.12.11"]
[EventType "team-tourn"]
[EventRounds "10"]
[EventCountry "POL"]
[SourceTitle "EXT 2019"]
[Source "ChessBase"]
[SourceDate "2018.10.10"]
[SourceVersion "1"]
[SourceVersionDate "2018.10.10"]
[SourceQuality "1"]

1. c4 e5 2. g3 Nf6 3. Bg2 c6 4. d4 Bb4+ 5. Bd2 Bxd2+ 6. Qxd2 d6 7. Nc3 0-0 8. dxe5 dxe5 9. Qxd8 Rxd8 10. Nf3 Re8 11. Rd1 Bf5 12. 0-0 a5 13. h3 Na6 14. g4 Bg6 15. g5 Ne4 16. Nxe4 Bxe4 17. Nh4 Bxg2 18. Nxg2 Nc5 19. Ne3 Kf8 20. f3 Rad8 1/2-1/2

[Event "NRW Class2 1617"]
[Site "Germany"]
[Date "2017.01.22"]
[Round "5.3"]
[White "Adamski, Jan"]
[Black "Erwich, Frank"]
[Result "0-1"]
[WhiteElo "2249"]
[BlackElo "2339"]
[PlyCount "68"]
[EventDate "2016.09.25"]
[EventType "team-tourn"]
[EventRounds "9"]
[EventCountry "GER"]
[SourceTitle "EXT 2023"]
[Source "ChessBase"]
[SourceDate "2022.10.05"]
[SourceVersion "1"]
[SourceVersionDate "2022.10.05"]
[SourceQuality "1"]
[WhiteTeam "Letmathe"]
[BlackTeam "Erkenschwick"]
[WhiteTeamCountry "GER"]
[BlackTeamCountry "GER"]

1. Nf3 Nf6 2. c4 e6 3. g3 d5 4. Bg2 dxc4 5. Qa4+ Nbd7 6. Qxc4 c5 7. d3 Bd6 8. a4 0-0 9. Nbd2 b6 10. Qc2 Bb7 11. Nc4 Bc7 12. 0-0 e5 13. Bg5 Re8 14. Nfd2 Bxg2 15. Kxg2 h6 16. Bxf6 Nxf6 17. e4 Qd7 18. Rad1 Re6 19. Nb1 Nh7 20. Nc3 Rf8 21. Ne3 Bd8 22. Kh1 h5 23. f4 exf4 24. gxf4 Bf6 25. Ncd5 Bd4 26. Nf5 Nf6 27. Nxd4 cxd4 28. f5 Rd6 29. Nf4 Ng4 30. Ng2 Rc6 31. Qd2 Qc7 32. Qf4 Qxf4 33. Rxf4 Rc2 34. Kg1 Rxg2+ 0-1